00323nam a2200121Ia 45000030006000000080041000060400015000471000045000622450056001072600009001635460012001720050017001840STCL150530s9999 xx 000 0 und d aSTCLcSTCL aSuperintendent Government printing India aCalcutta university commission 1917-19 Report Vol X c1919 aEnglish20220125165725.0